000 00674nam a2200229 a 4500
008
020 _a070212141X (pbk.)
049 _aMAIN
090 _aHF5548.2
_bPRI
245 1 4 _aThe principles of business computing /
_cby M. G. Eccles ... [et al.]
260 _aKenwyn :
_bJuta,
_c1984.
300 _aviii, 370 p. :
_bill. ;
_c25cm.
504 _aIncludes bibliographical references.
500 _aIncludes index.
650 _aBusiness
_xdata processing.
700 _aEccles, M. G.
907 _a.b10103454
_b07-02-22
_c12-12-03
003
005 20230123125029.0
040 _cNUST
942 _cBOOKS
_kHF5548.2
_mPRI
999 _c134477
_d134477